日本の難読駅名50選 - Statistics

General Stats
  • This quiz has been taken 861 times
  • The average score is 16 of 50
Answer Stats
漢字 読み % Correct
南蛇井 なんじゃい
71%
弓削 ゆげ
70%
栗林 りつりん
69%
野江内代 のえうちんだい
52%
ひらき
51%
出馬 いずんま
43%
熱郛 ねっぷ
43%
日出塩 ひでしお
42%
夢前川 ゆめさきがわ
42%
吉礼 きれ
41%
東一身田 ひがしいしんでん
40%
二郎 にろう
40%
西海鹿島 にしあしかじま
39%
甲奴 こうぬ
37%
吹浦 ふくら
37%
椥辻 なぎつじ
36%
中舟生 なかふにゅう
35%
瓜連 うりづら
35%
博労町 ばくろうまち
35%
都野津 つのづ
35%
撫養 むや
35%
光岡 てるおか
34%
胡町 えびすちょう
34%
南風崎 はえのさき
34%
天道 てんとう
33%
舞木 もうぎ
33%
佳景山 かけやま
32%
挿頭丘 かざしがおか
31%
曙町東町 あけぼのちょうひがしまち
30%
陽羽里 ひばり
30%
鹿折唐桑 ししおりからくわ
29%
筑豊香月 ちくほうかつき
28%
仁豊野 にぶの
28%
曳馬 ひくま
28%
波瀬 はぜ
27%
美談 みだみ
25%
梨郷 りんごう
24%
会津越川 あいづこすがわ
22%
介良通 けらどおり
22%
渡波 わたのは
22%
深郷田 ふこうだ
22%
太郎坊宮前 たろぼうぐうまえ
19%
館田 たちた
19%
調川 つきのかわ
18%
日御子 ひのみこ
18%
榎原 よわら
16%
麻生田 おうだ
15%
母野 はんの
15%
行波 ゆかば
13%
尾路遠 おろえん
13%
No matching quizzes found
Score Distribution
Percent of People with Each Score
Percentile by Number Answered
Your Score History
You have not taken this quiz